000 00749nas a2200253 4500
001 BR7803179
003 BR-BrBNA
005 20231205083435.0
007 ta
008 230509b bl.|||p| |||| 00| 00por d
040 _aBR-BrBNA
_bpor
_cBiblioteca Nacional de Agricultura
041 _a(Pt)
072 _aL30; L00
100 1 _aGoncalves, J.O.N.
100 1 _aBarcellos, J.M.
100 1 _aAvila, L.
245 1 _aInfluencia da pastagem cultivada na producao leiteira [Brasil]
650 _aVACA LEITEIRA
650 _aRACAO
650 _aPASTAGEM CULTIVADA
773 0 _tPesquisa Agropecuaria Brasileira (Brazil)
_xISSN 0100-204X
_g(1977), v. 12 p. 241-246
_wBR7803179
909 _a202311
_bLúcia
_c55
_dLúcia Elande
942 _2AGRIS
_n0
_cANA
999 _c98770
_d98770